Most Averagely Ranked Countries by Population - Statistics

General Stats
  • This quiz has been taken 9 times
  • The average score is 12 of 20
Answer Stats
Rank Population Answer % Correct
99 9,110,517 Austria
89%
100 8,986,159 Switzerland
89%
92 10,547,170 Czech Republic
78%
106 7,342,027 Kyrgyzstan
78%
91 10,677,030 Sweden
78%
89 10,870,601 Tajikistan
78%
101 8,971,874 Belarus
67%
95 9,921,583 Greece
67%
97 9,605,874 Hungary
67%
107 7,049,576 Paraguay
67%
104 7,671,252 Turkmenistan
67%
98 9,573,606 Israel
56%
103 7,917,414 Laos
56%
105 7,492,964 Libya
56%
94 10,405,033 Portugal
56%
102 8,896,636 Sierra Leone
56%
88 10,917,841 Cuba
44%
93 10,423,255 Azerbaijan
33%
96 9,811,698 Togo
33%
90 10,843,989 Papua New Guinea
22%
No matching quizzes found
Score Distribution
Percent of People with Each Score
Percentile by Number Answered
Your Score History
You have not taken this quiz